| 000 | 01454cam a22003617a 4500 | ||
|---|---|---|---|
| 003 | CHAP | ||
| 005 | 20220329141558.0 | ||
| 008 | 971013s1962 r 00010 d | ||
| 010 | _a70447 | ||
| 011 | _a71419 | ||
| 035 | _a80973 | ||
| 040 | _cCHAP | ||
| 082 |
_a595.7 _bB35 |
||
| 100 | 0 | 0 |
_aBalachowsky, A. S. _eed. _99591 |
| 245 | 0 | _aEntomologie appliquée a l' agriculture | |
| 260 |
_aParís : _bMasson, _c1962 |
||
| 300 |
_av. _b: ilus. |
||
| 500 | _aLepidoptera | ||
| 505 | _aContenido: T.1 Coléopteres v.1 Caraboidea. Staphylinoidea. Hydrophiloidea. Scarabaeoidea: Dscilloidea. Cantharoidea. Bostrychoidea. Cucujoidea. Phytophagoidea (Cerambycidae et Bruchidae) -- v.2 Phytophagoidea (suite et fin) (Chrysomelidae, Cuculionidae, A | ||
| 590 |
_aBATCH-UPD _b10 _c20130110 _lUCH01 _h0420 |
||
| 590 |
_aBATCH-UPD _b10 _c20130110 _lUCH01 _h2105 |
||
| 590 |
_aBATCH-UPD _b10 _c20130410 _lUCH01 _h0054 |
||
| 590 |
_aBATCH-UPD _b10 _c20130914 _lUCH01 _h0525 |
||
| 590 |
_aCONVERSION _b10 _c20130109 _lUCH01 _h1339 |
||
| 650 | 1 | 4 |
_aColeópteros. _925123 |
| 650 | 1 | 4 |
_aEntomología. _937113 |
| 901 | _aBK | ||
| 942 | _cLIBRO | ||
| 949 |
_a595.7 B35 _bBC _cLIBRO _d33724000371662 _eLIBRO _ft.1 v.1 _i80973 _si |
||
| 949 |
_a595.7 B35 _bBC _cLIBRO _d33724000398582 _eLIBRO _ft.1 v.1 c.2 _i80973 _si |
||
| 949 |
_a595.7 B35 _bBC _cLIBRO _d33724000600250 _eLIBRO _ft.1 v.2 _h26932 _i80973 _si |
||
| 949 |
_a595.7 B35 _bBC _cLIBRO _d33724000669636 _eLIBRO _ft.2 v.2 _h17842 _i80973 _si |
||
| 999 |
_c70447 _d70447 |
||